000
00335pam a2200157a 44500
008
230515b2004 xxu||||| |||| 00| 0 eng d
020
_a
NULL
041
_a
ENGLISH
082
_a
0
100
_a
RAMAMRUTHAM
245
_a
STRENTH OF MATERIALS
250
_a
0
260
_a
_b
DHANPAT RAI
_c
2004
300
_a
1077P
650
_a
NULL
999
_c
594046
_d
594046